NUTRITION & FEEDING OF FISHES (Record no. 169328)

MARC details
000 -LEADER
fixed length control field 00351nam a2200145Ia 4500
008 - FIXED-LENGTH DATA ELEMENTS--GENERAL INFORMATION
fixed length control field 220919s9999 xx 000 0 und d
020 ## - INTERNATIONAL STANDARD BOOK NUMBER
International Standard Book Number 9789381991343
082 ## - DEWEY DECIMAL CLASSIFICATION NUMBER
Item number RAG
100 ## - MAIN ENTRY--PERSONAL NAME
Personal name RAGHUNATH, M.R.
245 #0 - TITLE STATEMENT
Title NUTRITION & FEEDING OF FISHES
260 ## - PUBLICATION, DISTRIBUTION, ETC.
Name of publisher, distributor, etc. SWASTIK PUBLICATIONS, DELHI
Date of publication, distribution, etc. 2013
300 ## - PHYSICAL DESCRIPTION
Extent 264
650 ## - SUBJECT ADDED ENTRY--TOPICAL TERM
Topical term or geographic name entry element Zoology
942 ## - ADDED ENTRY ELEMENTS (KOHA)
Koha item type Book
Holdings
Withdrawn status Lost status Damaged status Not for loan Home library Current library Shelving location Date acquired Cost, normal purchase price Total Checkouts Barcode Date last seen Date last checked out Price effective from Koha item type Public note
        Mewar University Central Library Mewar University Central Library Basic Science 11/10/2019 850.00 2 BS146 03/07/2024 26/06/2024 11/10/2019 Book Science R-20 S-4